000 00362nam a2200145Ia 4500
008 151213s9999 xx 000 0 und d
100 _aBrown Tindall
245 _aAmerica : a Narrative History
_cBrown Tindall
260 _aNew Yeork
_bNorton
_c1999
300 _a2071 p.
650 _aHistory
650 _aReference
700 _aBrown Tindall
999 _c1522
_d1522